ბათუმის შოთა რუსთაველის სახელმწიფო უნივერსიტეტის ბიბლიოთეკა

საქართველოში საერთაშორისო ტურისტული ბაზრის სოციალური და ეკონომიკური მექანიზმების ფუნქციონირების თავისებურებები / (ბიბ.ჩანაწერი № 51650)

000 -ლიდერი
ფიქსირებული სიგრძის საკონტროლო ველი 01615nam a2200229Ia 4500
001 - საკონტროლო ნომერი
საკონტროლო ველი 18641
003 - საკონტროლო ნომრის იდენტიფიკატორი
საკონტროლო ველი GE_BSU
005 - ბოლო ოპერაციის თარიღი და დრო
საკონტროლო ველი 20210412153434.0
008 - ფიქსირებული სიგრძის მონაცემთა ელემენტები - ზოგადი ინფორმაცია
ფიქსირებული სიგრძის საკონტროლო ველი 181216s2016||||ge |||||||||||||| ||geo||
040 ## - კატალოგიზაციის წყარო
Transcribing agency GE_BSU
041 ## - ენის კოდი
Language code of text/sound track or separate title geo
080 ## - უნივერსალური ათობითი კლასიფიკაციის ინდექსი
Universal Decimal Classification number 33 კ-77
100 ## - მთავარი ჩანაწერი - პიროვნების სახელი
Personal name კორძაია, ირაკლი
9 (RLIN) 2240
245 ## - ცნობა სათაურის შესახებ
Title საქართველოში საერთაშორისო ტურისტული ბაზრის სოციალური და ეკონომიკური მექანიზმების ფუნქციონირების თავისებურებები /
Statement of responsibility, etc ირაკლი კორძაია; სამეცნ.ხელმძღვანელი პაატა ჩაგანავა;ბათუმის შოთა რუსთაველის სახ. უნ-ტი.
264 ## - წარმოების, გამოცემის, დისტრიბუციის და სხვა ცნობები
გამოცემის, წარმოების, დისტრიბუციის... ადგილი ბათუმი :
გამოცემის, წარმოების, დისტრიბუციის... სახელწოდება ბათუმის შოთა რუსთაველის სახ. უნ-ტი,
გამოცემის, წარმოების, დისტრიბუციის... თარიღი 2016.
300 ## - ფიზიკური აღწერა
Extent 188 გვ. ;
Other physical details 30 სმ.
653 ## - INDEX TERM--UNCONTROLLED
Uncontrolled term დისერტაცია
653 ## - INDEX TERM--UNCONTROLLED
Uncontrolled term ეკონომიკა
653 ## - INDEX TERM--UNCONTROLLED
Uncontrolled term საქართველოში საერთაშორისო ტურისტული ბაზრის სოციალური და ეკონომიკური მექანიზმების ფუნქციონირების თავისებურებები
700 ## - ADDED ENTRY--PERSONAL NAME
Personal name ჩაგანავა, პაატა
Relator term სამეცნ.ხელმძღვანელი
9 (RLIN) 1685
942 ## - ADDED ENTRY ELEMENTS (KOHA)
Koha item type წიგნი
Source of classification or shelving scheme
ეგზემპლარები
ჩამოწერის სტატუსი დაკარგული ეგზემპლარის სტატუსი კლასიფიკაციის წყარო ან თაროზე გაწყობის სქემა დაზიანების სტატუსი არ გაიცემა მუდმივი მდებარეობა (დაცვის ადგილი) ამჟამინდელი ადგილსამყოფელი თაროზე განთავსების ადგილი შეძენის თარიღი სრული შენახვის შიფრი შტრიხკოდი ბოლო ოპერაციის თარიღი ეგზემპლარის მიმდევრობითი ნომერი (კეტერი?) ფასის ძალაში შესვლის თარიღი ეგზემპლარის სახეობა
          ბათუმის შოთა რუსთაველის სახელმწიფო უნივერსიტეტის მთავარი ბიბლიოთეკა ბათუმის შოთა რუსთაველის სახელმწიფო უნივერსიტეტის მთავარი ბიბლიოთეკა წიგნსაცავი 2018-12-17 33 კ-77 233 დისერტ. 2018-12-17 233 2018-12-17 დისერტაცია